| 000 | 00376nam a2200133Ia 4500 | ||
|---|---|---|---|
| 008 | 170221s9999 xx 000 0 und d | ||
| 100 | _aCiorstan Smark | ||
| 245 | _aEditorial Volume 8 Issue 4 | ||
| 245 | _cCiorstan Smark | ||
| 260 | _c2013 | ||
| 300 | _a2 : S5 Japan 2 | ||
| 650 | _xBusiness | ||
| 856 | _uhttp://ro.uow.edu.au/cgi/viewcontent.cgi?article=1500&context=aabfj | ||
| 999 |
_c313284 _d313284 |
||